Liderler - Quiz #1 - Statistics

General Stats
  • This quiz has been taken 50 times
  • The average score is 32 of 65
Answer Stats
Picture Answer % Correct
Adolf Hitler
100%
Joseph Stalin
94%
Mustafa Kemal Atatürk
91%
Recep Tayyip Erdoğan
89%
Donald Trump
87%
İsmet İnönü
87%
Vladimir Putin
87%
Winston Churchill
85%
Beşşar Esad
81%
İndira Priyadarşini Gandhi
79%
Angela Merkel
77%
Muammer Kaddafi
77%
Turgut Özal
77%
Vladimir Lenin
77%
Cengiz Han
74%
Kraliçe Elizabeth / İkinci Elizabeth
74%
Joe Biden
72%
Emmanuel Macron
70%
Hafız Esad
70%
Saddam Hüseyin
70%
Volodimir Zelenski
70%
Abraham Lincoln
68%
İlham Aliyev
68%
Jül Sezar / Julius Caesar
68%
Benito Mussolini
66%
Kim Jong Un
66%
Giorgia Meloni
64%
Ali Hamaney
60%
Fidel Castro
53%
Ernesto Che Guevara
51%
Mahatma Gandi
51%
Nelson Mandela
51%
Nicolás Maduro
51%
Nikol Paşinyan
51%
Mesud Barzani
47%
Boris Johnson
45%
Büyük İskender
45%
Muhammed bin Selman
45%
Napoleon Bonapart
43%
Ayetullah Ruhullah Humeyni
36%
Hirohito
34%
Mihail Sergeyeviç Gorbaçov
34%
Mao Zedong
32%
George Washington
30%
Pedro Sanchez
28%
Narendra Modi
26%
Kim İl Sung
23%
Mahmud Ahmedinejad
23%
Boris Yeltsin
21%
Franklin Delano Roosevelt
21%
Javier Gerardo Milei
17%
Josip Broz Tito
17%
Mahmud Abbas
17%
Aleksandr Lukaşenko
15%
Benazir Butto
15%
Hugo Chavez
15%
Hüsnü Mübarek
15%
Rishi Sunak
15%
Şi Cinping
15%
Zeynel Abidin
13%
Ali Abdullah Salih
11%
Enver Sedat
11%
Pol Pot
11%
Simon Bolivar
11%
Muhammed Eşref Gani
9%
No matching quizzes found
Score Distribution
Percent of People with Each Score
Percentile by Number Answered
Your Score History
You have not taken this quiz